| 000 | 00504nam a22001937a 4500 | ||
|---|---|---|---|
| 003 | PILC | ||
| 005 | 20151021122952.0 | ||
| 008 | 130919t xxu||||| |||| 00| 0 eng d | ||
| 050 |
_aPE 1117 _b.C392l 1993 |
||
| 082 |
_aGS 372.4 _bCel.6B 1993 |
||
| 245 | _aLook both ways / | ||
| 260 |
_aIllinois : _bScottForesman and Company, _c1993. |
||
| 300 |
_a114 p. : _c23 cm. |
||
| 650 |
_aReading _9902 |
||
| 650 |
_aChildrens Stories _95902 |
||
| 650 |
_aJudgment _920984 |
||
| 942 |
_2lcc _cBK |
||
| 999 |
_c11716 _d11716 |
||